[Event "Albacete op 13th"]
[Site "Albacete"]
[Date "2005.09.01"]
[Round "1"]
[White "Canas Pradillo, Ruben"]
[Black "Rodriguez Guerrero, Enrique"]
[Result "0-1"]
[WhiteElo "1956"]
[BlackElo "2467"]
[PlyCount "48"]
[EventDate "2005.09.01"]
[EventType "swiss"]
[EventRounds "9"]
[EventCountry "ESP"]
[SourceTitle "CBM 108 Extra"]
[Source "ChessBase"]
[SourceDate "2005.11.04"]
[SourceVersion "1"]
[SourceVersionDate "2005.11.04"]
[SourceQuality "1"]

1. d4 d5 2. c4 c6 3. Nf3 Nf6 4. Nc3 e6 5. Bg5 h6 6. Bh4 dxc4 7. e3 b5 8. a4 Bb4 9. axb5 cxb5 10. Ne5 Bb7 11. Ng4 Nbd7 12. f3 a6 13. Be2 Be7 14. Nxf6+ Nxf6 15. 0-0 0-0 16. e4 Nxe4 17. Bxe7 Nxc3 18. bxc3 Qxe7 19. Qd2 e5 20. Rfe1 Qd6 21. Rad1 Rad8 22. Qe3 exd4 23. Rxd4 Qc5 24. Kf2 Rxd4 0-1